00717nam a2200229Ia 4500008004100000041001200041082002100053100004300074245002800117260003600145300000800181365000800189520001200197546001200209630002800221650001200249655001200261730002800273942000900301999001900310952015800329101110s9999 xx 000 0 und d aMARATHI bSR33825a891.468 aBhatkal Sadanand, Usha Takalkar (Anu.) aGatha karnatak presschi c2010bPadyagandh prkashan, Pune a128 b110 aMarathi aMARATHI aGatha karnatak presschi aMarathi aMarathi aGatha karnatak presschi cBOOK c826326d826323 00104070aDBJbDBJc15Ad0000-00-00eSonali prakashan, Pune, bill no. 1079, dt.20/3/10g110.00j2l0pDBJSR33825r2010-11-11 00:00:00w2010-11-11yBOOK